00373nam a2200121Ia 4500008004100000024004000041082001700081100003700098245003100135260002600166600002100192650003800213260210s9999 xx 000 0 und d a01B-41-BCS3Y & 01B-43-BCS3Y a004.6072 ADE aAdeel Akhtar & Arsalan Hamid 0aConceptual Model of an ISP aKarachi:bUITU,c2001 aComputer Science aBachelor of Computer Science (BS)